000 00514nam a2200181Ia 4500
005 20250508155514.0
008 008 250505s9999 xx 000 0 eng d
037 _aTextual
040 _aFEDL
_beng
_cFEDL
041 _aeng
_2eng
084 _a517.521, SEL
_qFEDL
100 _aSelby Samuel
245 0 _aSets relations functions : An introduction
260 _aNew York, USA
_bMcGraw-Hill Book Company
_c1963
300 _a233p.
942 _cTEXL
_h517.521, SEL
999 _c1357330
_d1357330